Welcome to CU Library Online Public Access Catalogue (OPAC)

Sociology: (Record no. 4803)

MARC details
000 -LEADER
fixed length control field 00570nam a22001937a 4500
005 - DATE AND TIME OF LATEST TRANSACTION
control field 20250314153051.0
008 - FIXED-LENGTH DATA ELEMENTS--GENERAL INFORMATION
fixed length control field 250314b |||||||| |||| 00| 0 eng d
020 ## - INTERNATIONAL STANDARD BOOK NUMBER
International Standard Book Number 9780176415938
050 ## - LIBRARY OF CONGRESS CALL NUMBER
Classification number HM586
Item number .B793 BRY
100 ## - MAIN ENTRY--PERSONAL NAME
Personal name Brym Robert J.
245 ## - TITLE STATEMENT
Title Sociology:
Remainder of title Your compass for a new world/
Statement of responsibility, etc. Robert J. Brym, John Lie & Adie Nelson
260 ## - PUBLICATION, DISTRIBUTION, ETC.
Place of publication, distribution, etc. Australia
Name of publisher, distributor, etc. Thomson Wadsworth
Date of publication, distribution, etc. 2005
300 ## - PHYSICAL DESCRIPTION
Extent xxiii. 440p.
Other physical details ill. (some col.)
Dimensions 26 cm
500 ## - GENERAL NOTE
General note Includes Index
650 ## - SUBJECT ADDED ENTRY--TOPICAL TERM
Source of heading or term Sociology
700 ## - ADDED ENTRY--PERSONAL NAME
Personal name Lie John
700 ## - ADDED ENTRY--PERSONAL NAME
Personal name Nelson Adie
942 ## - ADDED ENTRY ELEMENTS (KOHA)
Source of classification or shelving scheme Library of Congress Classification
Koha item type Books
Suppress in OPAC No
999 ## -
-- 4803
-- 4803
Holdings
Withdrawn status Lost status Source of classification or shelving scheme Damaged status Not for loan Collection Home library Current library Shelving location Date acquired Total checkouts Full call number Barcode Date last seen Copy number Price effective from Koha item type
    Library of Congress Classification     Non-fiction Business Library (Miotso) Business Library (Miotso) General stacks 03/14/2025   HM586 .B793 BRY BSSM00001372 03/14/2025 1 03/14/2025 Books
© 2023-2024 Copyright: Central University Libraries. All Rights Reserved | Created by: Mahone Tech Office